header

A double bassist's guide to refining performance practices (Record no. 35278)

MARC details
000 -LEADER
fixed length control field 01207nam a2200313Ia 4500
082 04 - DEWEY DECIMAL CLASSIFICATION NUMBER
Classification number 787.5/193
100 1# - MAIN ENTRY--AUTHOR NAME
Personal name Grodner, Murray.
245 12 - TITLE STATEMENT
Title A double bassist's guide to refining performance practices
260 ## - PUBLICATION, DISTRIBUTION, ETC. (IMPRINT)
Place of publication Bloomington ;
-- Indianapolis :
Name of publisher Indiana University Press,
Year of publication 2013.
300 ## - PHYSICAL DESCRIPTION
Number of Pages vii, 156 p.
650 #0 - SUBJECT ADDED ENTRY--TOPICAL TERM
Topical Term Double bass
Topical Term Double bass
856 40 - ELECTRONIC LOCATION AND ACCESS
Uniform Resource Identifier http://site.ebrary.com/lib/rucke/Doc?id=10740005

No items available.

© 2026 Rongo University
Contact us: librarian | system librarian | Rongo university